[Event "84th Tata Steel Challengers 2022"]
[Site "Wijk aan Zee"]
[Date "2022.01.15"]
[Round "1.1"]
[White "Erigaisi Arjun"]
[Black "Van Foreest, Lucas"]
[Result "1/2-1/2"]
[WhiteElo "2629"]
[BlackElo "2530"]
[Annotator "TA"]
[PlyCount "78"]
[EventDate "2022.01.15"]
[EventType "tourn"]
[EventCountry "NED"]
[SourceTitle "playchess.com"]
[Source "ChessBase"]
[SourceQuality "1"]

{[%evp 11,78,18,30,20,53,55,47,27,20,26,25,13,8,0,0,0,0,-30,-25,-24,-31,-38,18,10,16,-31,-29,-25,-10,-12,-26,-31,-35,-38,-37,-74,-70,-129,-40,-48,-5,-9,-14,-19,-3,-1,0,0,0,0,0,-8,-7,-8,0,0,0,0,0,0,0,0,0,0,0,0,0,0,0]} 1. d4 d5 2. Nf3 Nf6 3. Bf4 c5 4. e3 Nc6 5. Nbd2 Bg4 6. c3 e6 7. Qb3 {D02: 1 d4 d5 2 Nf3 sidelines, including 2...Nf6 3 g3 and 2...Nf6 3 Bf4.} Qb6 8. Qxb6 axb6 9. Bb5 {White is slightly better.} Nd7 10. a4 Be7 {[#]} 11. O-O $146 ({Predecessor:} 11. Ne5 Ndxe5 12. Bxe5 f6 13. Bc7 Bd8 14. Bd6 Be7 15. Bc7 Bd8 16. Bg3 Kd7 17. f3 {0-1 (51) Tang,A (2496)-Zubritskiy,A (2442) Chess.com INT 2019}) 11... O-O 12. Ra2 Rfc8 13. Rfa1 Bf5 14. Kf1 h6 15. h3 g5 16. Bh2 Nf6 (16... h5 $15) 17. Ne5 $11 c4 18. Bxc6 (18. f3 $11 {should be considered.}) 18... bxc6 $15 19. a5 b5 20. b4 cxb3 21. Nxb3 Ne4 22. Rc1 c5 23. dxc5 Nxc5 24. Nd4 (24. Nxc5 $15 Rxc5 25. Raa1) 24... Bf6 (24... Bh7 $17 {...Ra6 is the strong threat.} 25. a6 f6) 25. Rd1 Ne4 (25... Bh7 $15) 26. Nxf5 $11 {The position is equal.} exf5 27. Nd7 Bd8 (27... Rxc3 $2 28. f3 Ra7 29. Nxf6+ Nxf6 30. Be5 $18) ({Resist} 27... Bxc3 28. Nb6 Bf6 29. Nxc8 (29. Nxa8 Rxa8 30. Rxd5 Nc3 $16) 29... Rxc8 30. a6 $16 (30. Rxd5 Rc1+ 31. Ke2 Nc3+ 32. Kf3 Nxd5 $17)) 28. Be5 Rxa5 29. Rxa5 Bxa5 30. Rxd5 Bxc3 31. Rxb5 Bxe5 32. Rxe5 {[%mdl 4096] Endgame KRN-KRN} Rc1+ 33. Ke2 Rc2+ 34. Ke1 Nxf2 {[#] Threatens to win with ...Nd3+.} 35. Nf6+ $1 Kg7 36. Rxf5 Nd3+ 37. Kf1 Kg6 38. g4 Rf2+ 39. Rxf2 Nxf2 {Weighted Error Value: White=0.08 (flawless) /Black=0.09 (flawless)} 1/2-1/2

[Event "84th Tata Steel Challengers 2022"]
[Site "Wijk aan Zee"]
[Date "2022.01.15"]
[Round "1.2"]
[White "Jumabayev, Rinat"]
[Black "Nguyen, Thai Dai Van"]
[Result "1/2-1/2"]
[WhiteElo "2631"]
[BlackElo "2609"]
[Annotator "TA"]
[PlyCount "85"]
[EventDate "2022.01.15"]
[EventType "tourn"]
[EventCountry "NED"]
[SourceTitle "playchess.com"]
[Source "ChessBase"]
[SourceQuality "1"]

{[%evp 24,85,17,10,10,5,6,4,11,9,20,29,31,22,36,35,50,32,24,20,51,20,16,16,23,21,36,29,36,27,34,39,47,51,71,65,65,58,56,8,18,0,22,0,0,0,0,0,0,0,0,0,0,0,0,0,0,0,0,0,0,0,0,0]} 1. d4 d5 2. c4 e6 3. Nf3 Nf6 4. g3 Be7 5. Bg2 O-O 6. O-O dxc4 7. Qa4 a6 8. Qxc4 b5 9. Qc2 Bb7 10. Bd2 Nc6 11. e3 Nb4 12. Bxb4 Bxb4 13. a3 Bd6 {E05: Open Catalan: 5 Nf3 Be7.} 14. Nbd2 Rc8 $1 15. Nb3 {Prevents c5.} Be4 16. Qc3 Bd5 {[%cal Oc7c5]} 17. Nc5 Bxc5 18. dxc5 {[#]} Ne4 $146 ({Predecessor:} 18... c6 19. b4 Ne4 20. Qb2 a5 21. Nd4 a4 22. Rad1 Qc7 23. f3 Nf6 24. e4 Bc4 {1-0 (67) Szerlak,A (2337)-Ylipartanen,J (2063) ICCF email 2017}) 19. Qc2 Ng5 20. Nxg5 Qxg5 21. h4 Qe7 22. Bxd5 exd5 23. c6 Rfd8 24. Rfd1 Rd6 25. a4 Qf6 26. axb5 axb5 27. Rac1 g6 28. Rd4 Ra8 29. Qc5 {[%csl LRb5,LRd5] White is more active.} Ra4 30. b4 Ra2 31. Rf4 (31. Rf1 $14 {might be stronger.}) 31... Qb2 $11 {The position is equal.} 32. Kg2 {[%cal Oh4h5]} Rf6 33. Rf1 Rxf4 34. exf4 {[%mdl 4096] [#] Endgame And now Re1 would win. KQR-KQR} Qe2 {To avoid Re1} 35. Qxd5 Rd2 36. Qe5 Qxe5 37. fxe5 {KR-KR} Re2 38. Rd1 {Threatens to win with Rd8+.} Rxe5 39. Rd7 {Strongly threatening Kf3.} Re4 40. Rxc7 Rxb4 41. Rb7 Rc4 42. c7 {[#] Intending Rb8+ and mate.} Kg7 43. Rxb5 {Weighted Error Value: White=0.05 (flawless) /Black=0.06 (flawless)} 1/2-1/2

[Event "84th Tata Steel Challengers 2022"]
[Site "Wijk aan Zee"]
[Date "2022.01.15"]
[Round "1.3"]
[White "Ganguly, Surya Shekhar"]
[Black "Maurizzi, Marc`Andria"]
[Result "1-0"]
[WhiteElo "2627"]
[BlackElo "2496"]
[Annotator "TA"]
[PlyCount "77"]
[EventDate "2022.01.15"]
[EventType "tourn"]
[EventCountry "NED"]
[SourceTitle "playchess.com"]
[Source "ChessBase"]
[SourceQuality "1"]

{[%evp 13,77,0,34,33,30,16,29,15,27,37,37,37,37,34,37,25,37,31,29,27,35,34,27,30,24,29,29,39,23,31,37,33,66,56,69,71,68,68,68,65,77,83,74,70,116,117,116,116,107,107,102,46,39,33,39,44,69,31,141,102,107,93,193,174,1164,1022]} 1. Nf3 d5 2. e3 Nf6 3. c4 e6 4. Nc3 Be7 5. b3 O-O 6. Bb2 c5 7. cxd5 exd5 8. d4 {A13: English Opening: 1...e6.} Nc6 9. Be2 Ne4 10. dxc5 {White has an edge.} Qa5 11. Rc1 Bf6 {[%cal Re4c3]} 12. Nd4 $1 Nxc5 13. Nxc6 $1 bxc6 14. O-O Ne4 {[%cal Rf6c3]} 15. Qc2 Bxc3 16. Bxc3 Nxc3 17. Qxc3 Qxa2 18. Rc2 Qa3 19. Ra1 Qe7 20. Qxc6 Be6 21. Qc5 $36 {[%mdl 2048] [#] White fights for an advantage.} Qb7 $146 {[#] ...Rac8 is the strong threat.} ({Predecessor:} 21... Qxc5 22. Rxc5 Rfd8 23. b4 d4 24. exd4 Rxd4 25. b5 Rd2 26. Bf3 Rad8 27. h3 R2d7 {1-0 (40) Keymer,V (2602)-Vocaturo,D (2630) Reykjavik 2021}) 22. Qd4 Qb6 23. b4 {[%cal Bb3b4,Bb4b5][%mdl 32] White is much more active. Black has bad knights.} Qxd4 24. exd4 Rfb8 25. b5 Rb7 {Prevents Rc7.} 26. Bd3 g5 27. g3 Re8 28. Re1 Rd8 (28... Kg7 $14) 29. Re5 $16 h6 30. f4 gxf4 31. gxf4 Rd6 32. f5 (32. Rc6 $16 Rb6 33. Rc7) 32... Bd7 $14 33. Rc5 Kf8 34. Kf2 f6 35. Rexd5 ({Much weaker is} 35. Rcxd5 Rbb6 36. Rxd6 Rxd6 $11) 35... Rdb6 (35... Ke7 $14) 36. Kg3 Ke7 37. Kf4 Be8 (37... h5 $16 {was called for.}) 38. Rc1 $18 Rd6 $2 {[#]} (38... Bxb5 39. Rxb5 Rxb5) 39. Re1+ {Weighted Error Value: White=0.06 (flawless) /Black=0.17 (very precise)} 1-0

[Event "84th Tata Steel Challengers 2022"]
[Site "Wijk aan Zee"]
[Date "2022.01.15"]
[Round "1.4"]
[White "Bjerre, Jonas Buhl"]
[Black "L'Ami, Erwin"]
[Result "1-0"]
[WhiteElo "2586"]
[BlackElo "2622"]
[Annotator "TA"]
[PlyCount "117"]
[EventDate "2022.01.15"]
[EventType "tourn"]
[EventCountry "NED"]
[SourceTitle "playchess.com"]
[Source "ChessBase"]
[SourceQuality "1"]

{[%evp 10,117,18,19,14,0,0,0,0,-8,7,12,0,12,21,20,23,27,41,8,25,20,22,13,13,4,12,5,8,6,69,64,66,0,0,9,1,3,5,8,9,11,5,0,10,0,6,-5,0,-16,-16,-26,-15,-9,-12,-5,-4,-10,-15,-17,-15,-15,77,77,76,84,77,72,67,67,73,64,64,63,125,125,126,86,92,82,218,218,218,218,218,214,314,211,222,186,186,186,216,214,341,332,399,350,333,209,400,401,401,401,827,755,983,884,29983,29984]} 1. Nf3 Nf6 2. c4 c6 3. d4 d5 4. e3 Bg4 5. Qb3 Qb6 6. Ne5 Bf5 {D11: Slav Defence: 3 Nf3 sidelines and 3...Nf6 4 e3 Bg4.} 7. cxd5 $1 {[%mdl 4] outshines the older 7.Nc3.} Qxb3 8. axb3 Nxd5 {The position is equal.} 9. Na3 {[%cal Bb1a3,Ba3c4,Bc4a5][%mdl 32]} Nd7 10. Nxd7 Bxd7 11. Nc4 e6 12. Bd2 Be7 13. Be2 O-O 14. O-O {[#]} (14. Ne5 $5 {[%cal Re5d7]} Be8 15. Nd3 $11) 14... Rfd8 $146 ({Predecessor:} 14... c5 15. Ne5 Be8 16. dxc5 Bxc5 17. Rfc1 Be7 18. e4 Nb6 19. Be3 Bf6 20. Bxb6 Bxe5 21. Rxa7 Rxa7 22. Bxa7 {½-½ (31) Hertneck,G (2520)-Riemersma,L (2426) Amsterdam 2013}) 15. Rfc1 Be8 16. Na5 Rd7 17. Bf3 Rc8 18. Nc4 b6 19. e4 {Hoping for Ne5.} Nf6 ({Black should try} 19... Nb4 $11) 20. Be3 $14 {White is more active.} c5 21. d5 ({White should play} 21. dxc5 $14 Bxc5 22. Bxc5 Rxc5 23. e5) 21... exd5 $11 22. exd5 Nxd5 23. Bg4 Rcc7 24. Bxd7 Bxd7 25. Bd2 {[%cal Ob3b4]} Be6 26. Rd1 h5 27. Be1 Kh7 28. f3 h4 29. Rd3 Bf6 {[%mdl 1024] Black has compensation.} 30. Bf2 Nb4 31. Rd2 Nc6 32. Kh1 g5 33. Re1 Nd4 34. Bxd4 Bxd4 35. Nd6 a5 {[#]} (35... Bh8 $11 {keeps the balance.}) 36. Nb5 $1 $16 {[%csl LRc7,LRd4]} Rc6 37. Nxd4 cxd4 {[%mdl 4096] Endgame KRR-KRB} 38. Kg1 {[%cal Ob3b4]} Bxb3 39. Rxd4 Be6 40. Re2 {To avoid Rc2} Kg6 41. h3 Rc5 {[#]} (41... Kf5 $14) 42. f4 $1 Rb5 43. fxg5 Kxg5 44. Rde4 {Black must now prevent Re5+.} Kg6 {A mistake that costs the game.} (44... Rb3 $16 {was worth a try.}) 45. Rxh4 $18 Rb3 46. Ra4 Kf6 47. Kh2 Ke7 (47... Kg6 $142 48. Ra3 Rb5 49. Rg3+ Kh6) 48. Rf2 Kf8 49. g4 {[%cal Bg2g4,Bg4g5][%mdl 32]} Kg7 50. h4 Kg6 51. g5 b5 (51... Re3 $142 52. Rf6+ Kg7) 52. Rxa5 Kh5 53. Rg2 Rb4 54. Kg1 {aiming for Ra6.} Bh3 $2 (54... Kxh4 55. Ra6 Bg4) 55. Rh2 Be6 56. Ra8 Kg4 (56... Rc4 $142 57. Re8 Rc1+ 58. Kf2 Rd1) 57. h5 Rd4 58. Rg2+ ({Inferior is} 58. h6 Rd1+ 59. Kf2 Rd2+ 60. Kg1 Rd1+ 61. Kf2 Rd2+ 62. Kg1 Rd1+ $11) 58... Kxh5 59. g6 {Weighted Error Value: White=0.11 (very precise) /Black=0.34} 1-0

[Event "84th Tata Steel Challengers 2022"]
[Site "Wijk aan Zee"]
[Date "2022.01.15"]
[Round "1.5"]
[White "Vogel, Roven"]
[Black "Warmerdam, Max"]
[Result "1/2-1/2"]
[WhiteElo "2452"]
[BlackElo "2599"]
[Annotator "TA"]
[PlyCount "48"]
[EventDate "2022.01.15"]
[EventType "tourn"]
[EventCountry "NED"]
[SourceTitle "playchess.com"]
[Source "ChessBase"]
[SourceQuality "1"]

{[%evp 9,48,10,12,5,16,0,0,0,16,12,25,14,28,26,29,18,18,20,21,19,21,19,19,19,26,14,39,22,22,22,26,18,20,25,29,5,3,2,2,8,8]} 1. Nf3 Nf6 2. c4 e6 3. d4 d5 4. e3 a6 5. b3 c5 6. Be2 {D30: Queen's Gambit Declined: Systems without Nc3.} cxd4 7. exd4 Bb4+ 8. Bd2 Bxd2+ 9. Qxd2 {[#]} dxc4 $146 ({Predecessor:} 9... Ne4 10. Qe3 Qa5+ 11. Nfd2 Nxd2 12. Nxd2 dxc4 13. bxc4 O-O 14. O-O Rd8 15. Rfd1 Nd7 {½-½ (30) Goluch,P (2299)-Barglowski,F (2311) Jastrzebia Gora 2018}) 10. bxc4 b6 11. O-O O-O 12. Ne5 Bb7 13. Nc3 Qc7 14. Rfd1 Rd8 15. Qe3 {[%cal Od4d5]} Nc6 16. Nxc6 Bxc6 17. Rab1 Rab8 {[%cal Ob6b5]} 18. h3 h6 19. a4 Qd7 (19... Rd7 {feels hotter.} 20. Bd3 Rdd8 21. Bf1 Re8 22. Rb2 Red8) 20. d5 exd5 21. Rxb6 Bxa4 22. Rxb8 Rxb8 {The position is equal.} 23. Nxa4 Qxa4 24. cxd5 Re8 {A balanced but interesting game.  Weighted Error Value: White=0.05 (flawless) /Black=0.04 (flawless)} 1/2-1/2

[Event "84th Tata Steel Challengers 2022"]
[Site "Wijk aan Zee"]
[Date "2022.01.15"]
[Round "1.6"]
[White "Dardha, Daniel"]
[Black "Murzin, Volodar"]
[Result "0-1"]
[WhiteElo "2533"]
[BlackElo "2519"]
[Annotator "TA"]
[PlyCount "88"]
[EventDate "2022.01.15"]
[EventType "tourn"]
[EventCountry "NED"]
[SourceTitle "playchess.com"]
[Source "ChessBase"]
[SourceQuality "1"]

{[%evp 13,88,22,22,20,21,21,23,21,26,22,36,20,88,24,20,19,25,0,18,11,18,14,18,0,0,0,27,-11,19,13,25,34,26,33,36,30,44,44,37,46,58,56,66,66,68,0,21,-289,-273,-330,-298,-476,-469,-469,-454,-608,-601,-691,-675,-630,-629,-702,-698,-1318,-1217,-1295,-532,-1385,-966,-2730,-2454,-5393,-2964,-29987,-29988,-29988,-29989]} 1. d4 d5 2. c4 c6 3. Nc3 Nf6 4. Nf3 e6 5. e3 Nbd7 6. Qc2 b6 7. cxd5 cxd5 $1 {[%mdl 4] is now more promising than 7...exd5.} 8. Nb5 {D45: Semi-Slav: 5 e3.} Bb4+ 9. Bd2 Bxd2+ 10. Nxd2 {White has an edge.} O-O 11. Be2 Ba6 12. a4 {[#]} Qe7 $146 (12... Rc8 $11 13. Qb3 Bxb5 14. axb5 Rc7) ({Predecessor:} 12... Bxb5 13. axb5 Rc8 14. Qb1 Rc7 15. O-O Ne8 16. Bd3 g6 17. Rc1 Nd6 18. Ra3 Rxc1+ 19. Qxc1 {½-½ (30) Legky,N (2510)-Yagupov,I (2450) Spasskoe 1996}) 13. O-O (13. Nc7 $16 Bxe2 14. Nxa8) 13... Rfc8 $11 14. Qb3 Ne8 15. Bd3 Bb7 16. Nc3 {[%cal Bb5c3,Bc3a2,Ba2c1,Bc1d3][%mdl 32]} a6 17. Rfc1 Nd6 18. a5 b5 19. Qa3 Qf8 20. b3 Rc7 21. Na2 Rac8 22. Rxc7 Rxc7 23. Rc1 Qb8 24. Bf1 Rxc1 25. Nxc1 h6 26. Nd3 Ne4 {[#]} 27. Qe7 $1 Nxd2 (27... Qd6 28. Qd8+) 28. Qxd7 {Ne5 is the strong threat.} Qc8 (28... Nxb3 $2 29. Ne5 Qf8 30. Qxb7 $18) 29. Qe7 (29. Qxc8+ $1 $14 Bxc8 30. b4) 29... Qc2 30. Qc5 $2 {[%mdl 8192] Loses the game.} (30. Qxb7 $11 {and White is okay.} Kh7 31. Ne1 (31. Qxa6 Nxf1 32. Kxf1 Qxd3+ 33. Ke1 Qxb3 $11) (31. Qxf7 $2 Qd1 $19)) 30... Qxb3 $19 31. Qc1 Nxf1 32. Nc5 (32. Qxf1 {was the only defense.} b4 33. h4 (33. Nc5 $2 Qa2 $19)) 32... Qa2 33. Kxf1 {[#]} b4 $1 34. Qd1 ({Wrong is} 34. Nxb7 $2 b3 35. Qc8+ Kh7) (34. Ke1 b3) 34... Bc6 {Inhibits Qa4.} 35. h4 Qxa5 36. g4 Qd8 {To avoid g5} 37. Kg2 a5 {[%cal Ba6a5,Ba5a4][%mdl 32]} 38. Kg3 a4 39. f4 b3 (39... Qb8 $142 {aiming for ...b3.} 40. Qc1 b3) 40. g5 hxg5 41. hxg5 b2 {Strongly threatening ...Qb8.} 42. Nd3 Qb6 43. g6 b1=Q 44. gxf7+ Kf8 {Weighted Error Value: White=0.84/Black=0.31} 0-1

[Event "84th Tata Steel Challengers 2022"]
[Site "Wijk aan Zee"]
[Date "2022.01.16"]
[Round "2.1"]
[White "Murzin, Volodar"]
[Black "Shuvalova, Polina"]
[Result "1-0"]
[WhiteElo "2519"]
[BlackElo "2516"]
[Annotator "TA"]
[PlyCount "81"]
[EventDate "2022.01.15"]
[EventType "tourn"]
[EventCountry "NED"]
[SourceTitle "playchess.com"]
[Source "ChessBase"]
[SourceQuality "1"]

{[%evp 21,81,30,31,22,23,27,47,22,23,40,34,29,119,100,111,111,120,120,116,117,125,71,99,97,154,158,139,152,243,239,387,427,533,382,318,69,66,56,58,65,250,162,520,503,661,653,712,639,1048,1058,965,949,4405,3999,1674,729,1932,1324,1161,603,553,518]} 1. e4 e5 2. Nf3 Nc6 3. Bb5 a6 4. Ba4 Nf6 5. O-O Be7 6. Re1 b5 7. Bb3 O-O 8. a4 Rb8 9. axb5 axb5 10. c3 {10.Nc3 is not played anymore.} d6 11. d4 $1 {11.d4 is better than 11.h3.} exd4 12. cxd4 {C88: Closed Ruy Lopez: Anti-Marshall Systems.} d5 13. e5 Ne4 {[#]} 14. Be3 $146 {White is slightly better.} ({Predecessor:} 14. Nc3 Nxc3 15. bxc3 Be6 16. Qd3 Qd7 17. Ng5 Bf5 18. Qf3 h6 19. Nh3 Be4 20. Rxe4 dxe4 21. Qxe4 {1-0 (30) Ochsner,B (2458)-Thybo,J (2479) Odense 2017}) 14... Bf5 15. Nfd2 {[%cal Bf3d2,Bd2f1,Bf1g3][%mdl 32]} Qd7 16. Nf1 h6 (16... h5 $11 {keeps the balance.}) 17. f3 $1 $16 Ng5 18. Nc3 Nb4 19. Ng3 Bh7 20. f4 $1 Ne4 21. Ncxe4 (21. Ngxe4 $142 Bxe4 22. Nxe4 dxe4 23. Bc2) 21... dxe4 22. Rf1 Nd5 ({Black should play} 22... Nd3) 23. Bxd5 Qxd5 24. Rc1 Rbc8 (24... f5 $16) 25. f5 $18 {Threatens to win with f6.} Rfd8 (25... f6 {might work better.} 26. e6 Kh8) 26. f6 gxf6 27. exf6 Bf8 28. Kh1 $2 ({White should try} 28. Qg4+ $18 Bg6 29. Nf5) 28... Bg6 $1 $14 29. Qg4 {[%cal Oc1c5] White is more active.} Kh7 30. Nf5 {[%cal Oc1c5]} c5 $2 {This costs Black the game.} (30... Qe6 $14) 31. dxc5 {Strongly threatening Ne7.} Rc6 $2 (31... Qe6) 32. Ne7 $18 {White is clearly winning.} Bxe7 33. fxe7 Re8 34. Rcd1 Qh5 35. Qxh5 Bxh5 36. Rd6 Rxd6 37. cxd6 {White threatens d7 and mate.} Bg4 {[#]} 38. Rxf7+ (38. Rd1 $142 $3 {[%mdl 512]} Kg7 {[#]} (38... Bd7 39. Rc1) 39. d7 $1 {[%mdl 512]} Bxd7 40. Rxd7) 38... Kg6 39. Rf4 Bd7 40. Rxe4 Ra8 41. h3 {Weighted Error Value: White=0.49/Black=0.58} 1-0

[Event "84th Tata Steel Challengers 2022"]
[Site "Wijk aan Zee"]
[Date "2022.01.16"]
[Round "2.2"]
[White "Van Foreest, Lucas"]
[Black "Ganguly, Surya Shekhar"]
[Result "1/2-1/2"]
[WhiteElo "2530"]
[BlackElo "2627"]
[Annotator "TA"]
[PlyCount "60"]
[EventDate "2022.01.15"]
[EventType "tourn"]
[EventCountry "NED"]
[SourceTitle "playchess.com"]
[Source "ChessBase"]
[SourceQuality "1"]

{[%evp 17,60,0,0,0,0,0,4,0,0,0,0,0,0,0,0,0,0,0,0,0,0,0,0,0,5,5,8,9,9,7,7,7,7,5,4,5,8,6,8,0,7,0,0,0,0]} 1. d4 Nf6 2. c4 e6 3. Nf3 {[%cal Bg1f3,Bf3e5,Be5c6][%mdl 32]} d5 {[%cal Bd7d5,Bd5c4][%mdl 32]} 4. g3 dxc4 5. Bg2 c5 6. O-O Nc6 7. Ne5 Bd7 8. Na3 cxd4 9. Naxc4 Be7 {The position is equal. 9...Bc5 is not played anymore.} 10. Qb3 {E04: Open Catalan: 5 Nf3.} Qc7 11. Bf4 Nh5 {[%cal Bf6h5,Bh5f4,Bf4g2][%mdl 32]} 12. Nxc6 Nxf4 13. Nxe7 {Pair of Knights!} Nxg2 14. Rac1 {14.Rfd1 is the recent fashion.} Qc5 {Inhibits Qb4.} 15. Qxb7 Kxe7 16. Qxg2 {[#]} Bc6 $146 ({Predecessor:} 16... Rac8 17. Qe4 Bc6 18. Qg4 g6 19. Qf4 Qd5 20. f3 g5 21. Qd2 Bb5 22. Na3 Ba6 23. Rfd1 Rxc1 24. Rxc1 Rd8 25. Nc2 Ke8 26. Nb4 Qa5 27. a3 d3 28. exd3 {½-½ (28) Gupta,A (2179)-Ramos,F (2060) ICCF email 2018}) 17. Qh3 {[%cal Oc4e3]} Qd5 {[%csl Gc6][%cal Rd5h1] [#]} 18. f3 Bb5 19. b3 Rac8 20. Rfd1 Bxc4 21. bxc4 Rxc4 22. Rxc4 Qxc4 $11 {[%mdl 4096] Endgame KQR-KQR} 23. Qh4+ f6 24. Qxd4 Qxd4+ 25. Rxd4 {KR-KR} a5 26. Ra4 Ra8 27. Kf2 Kd6 28. Ke3 Kc5 29. Kd3 Rd8+ 30. Kc3 Kb5 {A balanced but interesting game.  Weighted Error Value: White=0.01 (flawless) /Black=0.00 (flawless)} 1/2-1/2

[Event "84th Tata Steel Challengers 2022"]
[Site "Wijk aan Zee"]
[Date "2022.01.16"]
[Round "2.3"]
[White "Nguyen, Thai Dai Van"]
[Black "Bjerre, Jonas Buhl"]
[Result "1-0"]
[WhiteElo "2609"]
[BlackElo "2586"]
[Annotator "TA"]
[PlyCount "99"]
[EventDate "2022.01.15"]
[EventType "tourn"]
[EventCountry "NED"]
[SourceTitle "playchess.com"]
[Source "ChessBase"]
[SourceQuality "1"]

{[%evp 9,99,22,17,0,0,0,0,-7,0,-1,17,20,16,16,18,16,15,12,16,12,13,16,11,7,18,0,16,0,0,0,0,0,0,0,0,0,16,16,22,31,48,22,57,55,63,63,63,63,63,63,63,63,63,63,70,70,70,71,165,130,231,226,275,271,347,358,349,327,347,335,369,229,235,230,487,471,459,418,535,531,474,502,470,469,560,564,552,543,608,479,587,564]} 1. Nf3 c5 2. c4 Nc6 3. Nc3 Nf6 4. e3 e5 5. d4 e4 {[#]} 6. d5 $1 {A34: Symmetrical English: 2 Nc3, lines with ...d5.} exf3 7. dxc6 dxc6 {White should prevent ...Qxd1+.} 8. Qxd8+ {The position is equal.} Kxd8 9. gxf3 g6 {outshines the older 9...Kc7.} 10. b3 Bg7 {[%cal Of6e4]} 11. Bb2 b6 {[#]} 12. a4 $1 $146 {[%mdl 8] An important novelty.} ({Predecessor:} 12. Ne2 Nh5 13. O-O-O+ Kc7 14. Bxg7 Nxg7 15. Nf4 a5 16. a4 Bd7 17. h4 h5 18. Be2 {½-½ (46) Howell,D (2648)-Bjerre,J (2569) Terme Catez 2021}) 12... a5 13. O-O-O+ Kc7 14. Ne4 Nh5 15. Ba3 Bd7 16. Kc2 Rad8 17. Bd3 Nf6 18. Ng3 Bh3 19. Rhg1 {To avoid Bg2} ({Of course not} 19. Bb2 Bg2 20. Rhe1 (20. Be5+ Kc8 $17) 20... Bxf3 $17) 19... Rd7 20. Bb2 Rhd8 21. Be5+ Kc8 22. Be2 Nh5 23. Rxd7 Rxd7 24. f4 Bxe5 25. fxe5 Ng7 26. Kc3 Re7 27. f4 Ne8 28. Ne4 {To avoid f6} Bf5 29. Ng5 {And now e4 would win. White is more active.} h6 30. Nf3 Ng7 31. Bd3 {aiming for Bxf5+.} Bd7 32. e4 {[%cal Of4f5,Be3e4,Be4f5][%mdl 32] Black is on the road to losing.} Nh5 33. f5 Be8 (33... Nf4 $16 {keeps fighting.}) 34. Kd2 Rd7 (34... gxf5 $16 35. exf5 f6) 35. Ke3 $18 Kd8 36. Be2 gxf5 37. exf5 f6 38. e6 Rg7 39. Rd1+ Ke7 40. Bf1 Rg8 41. Bh3 Rg7 $2 (41... Ng7 42. Rg1 Kf8) 42. Nd2 Ng3 {[%cal Og7g5]} 43. Kf2 Nh5 44. Kf3 {Inhibits Nf4. White is clearly winning.} Rg8 45. Ne4 Ng7 {[%cal Og7f5] [#] ...Nxf5! is the strong threat.} 46. Rg1 Bh5+ 47. Kf2 Be8 48. Bf1 Bh5 49. Bd3 Be8 50. Be2 {Weighted Error Value: White=0.08 (flawless) /Black=0.25 (precise)} 1-0

[Event "84th Tata Steel Challengers 2022"]
[Site "Wijk aan Zee"]
[Date "2022.01.16"]
[Round "2.4"]
[White "Warmerdam, Max"]
[Black "Erigaisi Arjun"]
[Result "0-1"]
[WhiteElo "2599"]
[BlackElo "2629"]
[Annotator "TA"]
[PlyCount "50"]
[EventDate "2022.01.15"]
[EventType "tourn"]
[EventCountry "NED"]
[SourceTitle "playchess.com"]
[Source "ChessBase"]
[SourceQuality "1"]

{[%evp 13,50,0,0,0,0,0,33,30,33,32,16,32,66,67,62,70,66,75,80,-448,-450,-402,-391,-397,-383,-509,-439,-556,-572,-572,-566,-804,-830,-806,-805,-914,-905,-866,-834]} 1. c4 e6 2. g3 d5 3. Bg2 Nf6 4. Nf3 {[%cal Bg1f3,Bf3d2,Bd2c4][%mdl 32]} Be7 5. d4 O-O 6. O-O dxc4 7. Qc2 b5 8. a4 {E05: Open Catalan: 5 Nf3 Be7.} b4 9. Nfd2 Nd5 $1 {[%mdl 4] outshines the older 9...c6.} 10. Nxc4 {White is slightly better.} c5 11. dxc5 Bxc5 12. e4 Nb6 13. Ncd2 $1 N8d7 {aiming for ...Ba6.} 14. a5 Ba6 {[%cal Oa8c8] Threatens to win with ...Rc8!} 15. axb6 Rc8 {[%cal Oc5f2] [#] Hoping for ...Bxf2+!} 16. Rxa6 $146 {[%mdl 8192] [#] White does not recover from this.} (16. Qd1 $1 $16 {is forced if you want to stay better.} Qxb6 17. Nb3) ({Predecessor:} 16. Qd1 Qxb6 17. Rxa6 Qxa6 18. Nb3 Qa2 19. N1d2 Rfd8 20. Qe2 a5 21. e5 a4 22. Nxc5 Nxc5 23. Ne4 Nxe4 24. Bxe4 Qc4 25. Qf3 Qd4 26. Bc6 a3 27. bxa3 bxa3 {½-½ (27) Sorokin,A (2521)-Hakobyan,A (2598) Las Vegas 2021}) 16... Bxf2+ $1 $19 {[%mdl 576] Discovered Attack} 17. Kxf2 Rxc2 18. bxa7 Nb6 {White must now prevent ...Qd4+. Really sharp!} 19. Kg1 {[#]} Qc8 $1 {Black is clearly winning.} 20. Rxb6 {Strongly threatening Nb3.} (20. Ra5 Rxc1) 20... Qc5+ 21. Kh1 {Ra6 is the strong threat.} Qxb6 22. Nf3 Qxa7 23. Bf4 Rxb2 24. Nbd2 Qa2 25. Rc1 Rd8 {Weighted Error Value: White=0.75/Black=0.08 (flawless)} 0-1